| 000 | 00838cam a22002533u 4500 | ||
|---|---|---|---|
| 001 | 008454370 | ||
| 005 | 20140302114137.0 | ||
| 008 | 040420t1987 xxuadk grb 001 0 eng d | ||
| 020 | _a0669120324 | ||
| 040 |
_aUk _cUk |
||
| 082 | 0 | 4 |
_222 _a658.11 _bGHO |
| 100 | 1 |
_aGhosh, Avijit _935099 |
|
| 245 | 1 | 0 |
_aLocation strategies for retail and service firms / _c Avijit Ghosh, Sara L. Mclafferty. |
| 260 |
_aLexington, United States : _bLexington Books, _cc.1987. |
||
| 300 |
_ax, 212 p. : _bchart, forms, tables ; _c23 cm. |
||
| 500 | _aIndex : p. 209-212. | ||
| 504 | _aIncludes bibliographical references. | ||
| 650 | 0 |
_935100 _aStore location |
|
| 650 | 0 |
_935101 _aService industries _xLocation |
|
| 653 |
_bBUSADM _cFebruary2014 |
||
| 655 |
_vreading book _934232 |
||
| 700 | 1 |
_aMcLafferty, Sara L. _935102 |
|
| 942 |
_2ddc _k658.11 GHO |
||
| 999 |
_c18041 _d18013 |
||